Entry Personal Name
Number of records used in: 1
001 - CONTROL NUMBER
003 - CONTROL NUMBER IDENTIFIER
005 - DATE AND TIME OF LATEST TRANSACTION
- control field:
20200107131311.0
008 - FIXED-LENGTH DATA ELEMENTS
- fixed length control field:
840306n| acannaab| |n aaa |||
010 ## - LIBRARY OF CONGRESS CONTROL NUMBER
- LC control number:
n 83319077
040 ## - CATALOGING SOURCE
- Original cataloging agency:
DLC
- Transcribing agency:
DLC
100 10 - HEADING--PERSONAL NAME
- Personal name:
O'Toole, Laurence J.,
- Dates associated with a name:
1948-
670 ## - SOURCE DATA FOUND
- Source citation:
His Regulatory decision making, 1984:
- Information found:
CIP t.p. (Laurence J. O'Toole, Jr.) data sheet (b. 12/7/48)